| 000 | 01188cam a2200337 a 4500 | ||
|---|---|---|---|
| 001 | 638332 | ||
| 003 | OSt | ||
| 005 | 20151111120621.0 | ||
| 008 | 940817s1994 nyu 000 0 eng d | ||
| 010 | _a 93091078 | ||
| 020 | _a9780449906965 | ||
| 035 | _a(OCoLC)30848274 | ||
| 040 |
_aOCl _cOCl _dDLC |
||
| 042 | _alccopycat | ||
| 043 | _ae-uk-en | ||
| 050 | 0 | 0 |
_aPR 861 _b.G45 1994 |
| 082 | 0 | 0 |
_aHS 820 _bG143 1994 |
| 100 | 1 |
_aGelshenen, Rosemary. _912999 |
|
| 245 | 1 | 0 |
_a English literature : _bthe nineteenth century / _cRosemary Gelshenen. |
| 250 | _a1st ed. | ||
| 260 |
_aNew York : _bFawcett Columbine, _cc1994. |
||
| 300 |
_a228 p. : _bill. ; _c20 cm. |
||
| 650 | 0 |
_aEnglish fiction _y19th century _xHistory and criticism. _913000 |
|
| 650 | 0 |
_aEnglish fiction _y19th century _xStories, plots, etc. _913001 |
|
| 740 | 0 | _aEnglish literature-- the nineteenth century. | |
| 856 | 4 | 2 |
_3Publisher description _uhttp://www.loc.gov/catdir/description/random041/93091078.html |
| 906 |
_a7 _bcbc _ccopycat _d2 _eopcn _f19 _gy-gencatlg |
||
| 942 |
_2lcc _cBK |
||
| 999 |
_c9264 _d9264 |
||